How to conduct a domestic inquiry
| Main Author: | |
|---|---|
| Format: | Book |
| Published: |
Petaling Jaya :
Pelanduk Publications ,
1996
|
| Subjects: |
MARC
| LEADER | 00000cam a2200000 7i4500 | ||
|---|---|---|---|
| 001 | 0000007122 | ||
| 002 | 000007665 | ||
| 005 | 20000330.0 | ||
| 020 | |a 9679785343 | ||
| 090 | 0 | 0 | |a 344.59501249 |b ANG |
| 100 | 1 | |a Ang, Linda | |
| 245 | 1 | 0 | |a How to conduct a domestic inquiry |c Linda Ang |
| 260 | |a Petaling Jaya : |b Pelanduk Publications , |c 1996 | ||
| 300 | |a 46p. ; |c 21cm. | ||
| 650 | 0 | 0 | |a Domestic |
| 999 | |a 00069661 |b BUKU |c PINJAMAN |e PERPUSTAKAAN KOMUNITI PETALING JAYA | ||
| 999 | |a 054579 |b BUKU |c PINJAMAN |e PERPUSTAKAAN KOMUNITI PETALING JAYA | ||